000 00940nam a2200277Ia 4500
001 Z_2085
003 CHAP
008 220113s1996 xx 000 0 und d
010 _a165158
040 _cCHAP
090 _aTesis R 1082
100 _aRomán de la Cruz, Juan Francisco
_999735
245 _aEvaluación de variedades neozelandesas de trebol blanco (Trifolium repens L.) y ballico perenne (Lolium perenne L.) en su etapa de establcimiento en Chapingo, México /
_cpor Juan Francisco Román de la Cruz y César Zúñiga Ramírez
260 _aChapingo, Méx. :
_bEl autor,
_c1996
300 _a105 h.
502 _aTesis (Ing. Agr. Esp. en Zootecnia) -- UACH. Departamento de Zootecnia
650 _aLolium perenne
_967505
650 _aTrebol blanco
_9115252
700 _aZúñiga Ramírez, César
_9139189
901 _aTESIS R 1082
902 _aM
910 _a1996
942 _c2
942 _c2
999 _c165158
_d165158